| 000 | 01586nam a2200289Ia 4500 | ||
|---|---|---|---|
| 999 |
_c53843 _d53843 |
||
| 001 | 20894 | ||
| 003 | GE_BSU | ||
| 005 | 20210611165605.0 | ||
| 008 | 181216s2015||||ge |||||||||||||| ||geo|| | ||
| 020 | _a9789941062650 (ყველა წიგნის) | ||
| 020 | _a9789941942754 (პირველი წიგნის) | ||
| 040 | _cGE_BSU | ||
| 041 | _ageo | ||
| 080 | _a347.57 ნ–38 | ||
| 100 |
_aპეპენაშვილი, ნინო _912029 |
||
| 245 |
_aსაქართველოს სამოქალაქო კოდექსის კომენტარი : წიგნი პირველი = COMMENTARY TO THE CIVIL CODE OF GEORGIA : Volume I / _cნინო პეპენაშვილი ; რედ. ნინო ნიავაძე. |
||
| 250 | _aმე-2 განახლებული გამოცემა | ||
| 264 |
_aთბილისი : _bბონა კაუზა, _c2015. |
||
| 300 |
_a553 გვ. ; _c24 სმ. |
||
| 490 | _aიურისტის ბიბლიოთეკა | ||
| 520 | _aსაქართველოს სამოქალაქო კოდექსის ტექსტი 2015 წლის 5 ნოემბრის მდგომარეობით | ||
| 541 | _h22ლ. | ||
| 653 | _aსამართალი | ||
| 653 | _aსაქართველოს სამოქალაქო კოდექსის კომენტარი | ||
| 700 |
_aნიავაძე, ნინო _eრედაქტორი _912030 |
||
| 942 |
_cBK _2udc |
||